Algunos retos de la investigación en migraciones: reflexiones a partir de Costa Rica /
El articulo plantea cuatros retos principales de la investigación en migraciones; el primero se refiere a la necesidad de profundizar el análisis de la conexión entre procesos de reestruccturación de la economía y dinámicas migratorias. El segundo remite a la necesidad de pensar una ciudadanía más...
Na minha lista:
| Autor principal: | |
|---|---|
| Formato: | Desconhecido |
| Idioma: | Spanish |
| Publicado em: |
Costa Rica :
Editorial UCR,
|
| coleção: | Instituto de Investigaciones Sociales de la Universidad de Costa Rica
|
| Assuntos: | |
| Tags: |
Adicionar Tag
Sem tags, seja o primeiro a adicionar uma tag!
|
MARC
| LEADER | 00000 a2200000 04500 | ||
|---|---|---|---|
| 001 | 36849 | ||
| 003 | cru CIDCACS/IIS | ||
| 005 | 20210310093201.0 | ||
| 008 | 050629s2007 cr spa d | ||
| 999 | |c 42253 |d 42253 | ||
| 020 | |a 978-9968-46-074-3 | ||
| 040 | |c cru CIDCACS/IIS | ||
| 090 | |a 14.07.01 S218m | ||
| 100 | |a Sandoval García, Carlos | ||
| 245 | |a Algunos retos de la investigación en migraciones: |b reflexiones a partir de Costa Rica / |c Carlos Sandoval García | ||
| 260 | |a Costa Rica : |b Editorial UCR, | ||
| 300 | |a páginas 373-383 | ||
| 440 | |9 34 |a Instituto de Investigaciones Sociales de la Universidad de Costa Rica | ||
| 520 | |a El articulo plantea cuatros retos principales de la investigación en migraciones; el primero se refiere a la necesidad de profundizar el análisis de la conexión entre procesos de reestruccturación de la economía y dinámicas migratorias. El segundo remite a la necesidad de pensar una ciudadanía más allá de la nacionalidad. El tercero plantea la importancia de reconocer la formación de un tercer espacio entre las comunidades migrantes, es decir, un espacio en que las personas no se reconocen ni como parte de la sociedad de procedencia ni como parte de la sociedad de llegada. El cuarto remite a la necesidad de explorar la constitución de subjetividades de contextos migratorios. En otras palabras, se trata de explorar retos en el campo de la economía, la política, la cultura y la subjetividad, respectivamente. | ||
| 650 | |a MIGRACION | ||
| 650 | |a EMIGRACION | ||
| 650 | 0 | |a INVESTIGACION SOCIAL |9 237 | |
| 650 | 0 | |a TEORIA SOCIAL |9 76 | |
| 942 | |2 ddc |c LI | ||



